000 01270nam0a22003131 4500
001 v19\rc\1888732
005 20251118180354.8
035 _a(NLR Aleph) 004976650
090 _a6141338
_c6141338
100 _a20080221d1910 |||y0rusy50 ca
101 1 _arus
_alat
_clat
102 _aRU
105 _ay z |||||
200 1 _aСемь книг Записок о Галльской войне
_eПо изд. С. Манштейна
_fЮлий Цезарь
_gПер. М. Гринфельда
210 _aОдесса
_cМ.С. Козман
_d[1910?]
215 _a322 с. разд. паг.
_d18
300 _aБез общ. тит. л. Описано по обл. Кн. 1, 3, 5-7 имеют отд. тит. л.
500 1 0 _6z01702
_aЗаписки о Гальской войне
700 1 _aЦезарь
_bГ. Ю.
_f102 или 100-44 до н. э.
_gГай Юлий
702 1 _6z01500
_aЦезарь
_bГ. Ю.
_f102 или 100-44 до н. э.
_gГай Юлий
_4570
702 1 _aГринфельд
_bМ. М.
_gМихаил Моисеевич
_4730
702 1 _aМанштейн
_bС.
_4570
801 0 _aRU
_bNLR
_gpsbo
801 0 _aRU
_bRuMoRGB
_2psbo
801 1 _aRU
_bProSoft-M
_2rusmarc
852 _aNLR
_j63-3/978
899 _aНБ МГУ
942 _cBOOK
980 _aNB